[Event "HEM 2013 B Turnier"]
[Site "Korbach"]
[Date "2013.03.29"]
[Round "4.2"]
[White "Tschoepe, Nino"]
[Black "Lages, Karl Heinz"]
[Result "1/2-1/2"]
[WhiteElo "1718"]
[BlackElo "1917"]
[PlyCount "24"]
[EventDate "2013.??.??"]
[WhiteTeam "SC Marsberg e.V."]
[BlackTeam "Sfr. Korbach"]

1. d4 Nf6 2. c4 g6 3. Nc3 d5 4. Nf3 Bg7 5. Qb3 dxc4 6. Qxc4 O-O 7. e4 Nbd7 8.
e5 Ne8 9. e6 Nd6 10. exf7+ Kh8 11. Qb3 c5 12. d5 Nxf7 1/2-1/2

[Event "HEM 2013 B Turnier"]
[Site "Korbach"]
[Date "2013.03.29"]
[Round "4.4"]
[White "Kies, Wolfgang"]
[Black "Hesse, Klaus Dieter"]
[Result "1-0"]
[WhiteElo "1894"]
[BlackElo "1927"]
[PlyCount "67"]
[EventDate "2013.??.??"]
[WhiteTeam "SC Marsberg e.V."]
[BlackTeam "SK Stadtallendorf"]

1. d4 Nf6 2. c4 g6 3. Nc3 d5 4. cxd5 Nxd5 5. e4 Nxc3 6. bxc3 Bg7 7. Bb5+ c6 8.
Bc4 O-O 9. Ne2 Qa5 10. O-O Nd7 11. Be3 c5 12. Qd2 Rd8 13. Bh6 Bh8 14. Qe3 Nf6
15. h3 b5 16. Bb3 c4 17. Bc2 Bb7 18. a3 Qb6 19. Nf4 e5 20. Ne2 Re8 21. d5 Qxe3
22. Bxe3 Bg7 23. f3 Bf8 24. a4 a6 25. Rfb1 Nd7 26. Kf2 Nc5 27. axb5 axb5 28.
Rxa8 Bxa8 29. Rxb5 Nd3+ 30. Bxd3 cxd3 31. Nc1 Rc8 32. Nxd3 Rxc3 33. Rb8 Rc2+
34. Kf1 1-0

[Event "HEM 2013 B Turnier"]
[Site "Korbach"]
[Date "2013.03.29"]
[Round "4.5"]
[White "Wagner, Thomas"]
[Black "Herbst, Alexander"]
[Result "1/2-1/2"]
[WhiteElo "1941"]
[BlackElo "1597"]
[PlyCount "36"]
[EventDate "2013.??.??"]
[WhiteTeam "SC Langenbieber"]
[BlackTeam "SC Langenbieber"]

1. d4 f5 2. Bg5 h6 3. Bh4 g5 4. Bg3 Nf6 5. e3 Bg7 6. Nf3 d6 7. Bc4 Nbd7 8. Nc3
Nb6 9. Bb3 e6 10. Qe2 Bd7 11. O-O-O Qe7 12. h4 g4 13. Nd2 O-O-O 14. e4 Nxe4 15.
Ndxe4 fxe4 16. Qxe4 Rde8 17. Rhe1 h5 18. Re2 Qf6 1/2-1/2

[Event "HEM 2013 B Turnier"]
[Site "Korbach"]
[Date "2013.03.29"]
[Round "4.6"]
[White "Wuestehube, Harry"]
[Black "Langhammer, Joerg"]
[Result "1/2-1/2"]
[WhiteElo "1912"]
[BlackElo "1721"]
[PlyCount "51"]
[EventDate "2013.??.??"]
[WhiteTeam "Kasseler SK 1876"]
[BlackTeam "SF Kirchhellen 50/72e"]

1. e4 e6 2. d3 d5 3. Nd2 Nf6 4. Ngf3 Be7 5. g3 c5 6. Bg2 Nc6 7. O-O O-O 8. Re1
a6 9. e5 Nd7 10. Nf1 b5 11. h4 c4 12. d4 a5 13. N1h2 b4 14. c3 Rb8 15. Ng5 h6
16. Qh5 Qe8 17. Qg4 f5 18. Qf4 hxg5 19. hxg5 Qg6 20. Nf3 bxc3 21. bxc3 Qh5 22.
Nh4 Qg4 23. Qd2 Ba6 24. Bf3 Qh3 25. Bg2 Qg4 26. Bf3 1/2-1/2

[Event "HEM 2013 B Turnier"]
[Site "Korbach"]
[Date "2013.03.29"]
[Round "4.7"]
[White "Alefs, Willi"]
[Black "Henkel, Volker"]
[Result "0-1"]
[WhiteElo "1898"]
[BlackElo "1950"]
[PlyCount "116"]
[EventDate "2013.??.??"]
[WhiteTeam "SC Fuldatal"]
[BlackTeam "SC Rochade 1963 Beckum"]

1. c4 Nf6 2. Nc3 e6 3. Nf3 d5 4. e3 c5 5. d4 Nc6 6. b3 Be7 7. Bb2 cxd4 8. Nxd4
O-O 9. a3 a6 10. Bd3 Nxd4 11. exd4 b6 12. O-O Bb7 13. Ne2 Rc8 14. Rc1 Rc7 15.
Ng3 g6 16. Qd2 Qa8 17. f3 Nd7 18. b4 dxc4 19. Rxc4 Rxc4 20. Bxc4 Bf6 21. Re1
Bd5 22. Bd3 Rd8 23. Ne4 Bg7 24. Qf2 Nf6 25. h4 Nh5 26. Qe3 Bxe4 27. Bxe4 Qb8
28. Qf2 Nf4 29. Kf1 Qd6 30. Rd1 b5 31. g3 Nd5 32. Kg2 Rc8 33. Rc1 Rxc1 34. Bxc1
Bxd4 35. Qc2 Kg7 36. Qd3 Ba1 37. Kh2 f5 38. Qb1 Be5 39. f4 Bf6 40. Bf3 Nb6 41.
h5 Nc4 42. Qc2 Qd4 43. hxg6 hxg6 44. Qe2 Qc3 45. Qd1 Bd4 46. Bb7 Bf2 47. Bf3
Bd4 48. Kh3 e5 49. fxe5 Nxe5 50. Bg2 Nd3 51. Qe2 Nf2+ 52. Kh2 Ng4+ 53. Kh3 Be5
54. Bf3 Qxc1 55. Kg2 Ne3+ 56. Kh2 Qc2 57. Qxc2 Nxc2 58. Bb7 Nxa3 0-1

[Event "HEM 2013 B Turnier"]
[Site "Korbach"]
[Date "2013.03.29"]
[Round "4.8"]
[White "Dinslage, Klaus-Dieter"]
[Black "Zalewski, Ulrich"]
[Result "1/2-1/2"]
[WhiteElo "1540"]
[BlackElo "1798"]
[PlyCount "27"]
[EventDate "2013.??.??"]
[WhiteTeam "Bahn-SC Wuppertal"]
[BlackTeam "SK 1858 Gießen"]

1. e4 e5 2. Nf3 Nf6 3. Nc3 Bb4 4. Bc4 Nc6 5. d3 d5 6. exd5 Nxd5 7. Bd2 Nxc3 8.
bxc3 Be7 9. h3 O-O 10. O-O Qd6 11. Re1 Qg6 12. Kh1 Bf6 13. Rb1 Re8 14. Bd5
1/2-1/2

[Event "HEM 2013 B Turnier"]
[Site "Korbach"]
[Date "2013.03.29"]
[Round "4.9"]
[White "Meul, Willi"]
[Black "Martens, Nick"]
[Result "1-0"]
[WhiteElo "1854"]
[BlackElo "1747"]
[PlyCount "57"]
[EventDate "2013.??.??"]
[WhiteTeam "SV 1925 Hürth-Berrenra"]
[BlackTeam "SF Battenberg"]

1. d4 e6 2. Nf3 Nf6 3. e3 Nc6 4. Nbd2 Be7 5. c4 d5 6. Bd3 Bd7 7. a3 b6 8. O-O
Bd6 9. e4 dxe4 10. Nxe4 Nxe4 11. Bxe4 Rb8 12. Qc2 f5 13. Bxc6 Bxc6 14. d5 Bd7
15. dxe6 Bxe6 16. Re1 Kd7 17. Qa4+ b5 18. cxb5 Bd5 19. Bg5 Qg8 20. Nd4 h6 21.
Bd2 Qf7 22. Rac1 Qg6 23. f3 Qh5 24. h3 Qg6 25. b6+ Kc8 26. Qxa7 Bb7 27. Rxc7+
Bxc7 28. Rc1 Qxb6 29. Qxb6 1-0

[Event "HEM 2013 B Turnier"]
[Site "Korbach"]
[Date "2013.03.29"]
[Round "4.10"]
[White "Meise, Jan"]
[Black "Popov, Vadim"]
[Result "0-1"]
[WhiteElo "1454"]
[BlackElo "1688"]
[PlyCount "108"]
[EventDate "2013.??.??"]
[WhiteTeam "ESV Rot-Weiß Göttingen"]
[BlackTeam "SK 1858 Gießen"]

1. e4 e6 2. d4 d5 3. Nd2 c5 4. c3 Nf6 5. e5 Nfd7 6. Bd3 Nc6 7. Ne2 c4 8. Bc2 b5
9. f4 g6 10. O-O h5 11. Nf3 Ne7 12. a4 Ba6 13. axb5 Bxb5 14. b3 Nb6 15. b4 Qd7
16. Nd2 Nf5 17. Nb1 Qc6 18. Ng3 Nxg3 19. hxg3 Be7 20. Nd2 Kd7 21. Nf3 a6 22.
Bd2 Ra7 23. Kh1 Bd8 24. Kg1 Nc8 25. Kh1 Ne7 26. Nh4 Ra8 27. f5 Nxf5 28. Rxf5
gxf5 29. Nxf5 exf5 30. Bxf5+ Kc7 31. Qf3 Be7 32. Re1 Kb6 33. Bf4 Rad8 34. Qe3
Qb7 35. Kg1 Qa7 36. e6 f6 37. Qe2 h4 38. g4 h3 39. g3 Be8 40. Be3 Rg8 41. Bc2
Bg6 42. Ba4 Be4 43. Kh2 Bd6 44. Bf2 Qg7 45. Qa2 Rb8 46. Rxe4 Bxg3+ 47. Kxg3 h2
48. Qa1 Qh7 49. Re1 Rxg4+ 50. Kxg4 Rg8+ 51. Kf4 Qh6+ 52. Kf3 Qh3+ 53. Kf4 Rg4+
54. Kf5 Qf3# 0-1

[Event "HEM 2013 B Turnier"]
[Site "Korbach"]
[Date "2013.03.29"]
[Round "4.11"]
[White "Mierendorf, Werner"]
[Black "Pleyer, Christian"]
[Result "1/2-1/2"]
[WhiteElo "1603"]
[BlackElo "1486"]
[PlyCount "65"]
[EventDate "2013.??.??"]
[WhiteTeam "SK Upland-Willingen"]
[BlackTeam "SC Langenbieber"]

1. e4 c5 2. Nf3 d6 3. d4 cxd4 4. Nxd4 Nf6 5. Nc3 a6 6. Bg5 Nbd7 7. Bd3 h6 8.
Be3 Ne5 9. O-O e6 10. f4 Nxd3 11. Qxd3 Be7 12. Rf3 e5 13. Nde2 exf4 14. Nxf4
Ng4 15. Bd4 Ne5 16. Bxe5 dxe5 17. Nfd5 Bg5 18. Qc4 O-O 19. Nc7 Be6 20. Nxe6
Qb6+ 21. Nc5 Be7 22. N3a4 Qa7 23. Qd5 b5 24. b4 bxa4 25. Raf1 Rac8 26. Qxe5
Bxc5+ 27. bxc5 Qxc5+ 28. Qxc5 Rxc5 29. R1f2 f6 30. Rf5 Rfc8 31. Rxc5 Rxc5 32.
Rd2 Rc3 33. Kf1 1/2-1/2

[Event "HEM 2013 B Turnier"]
[Site "Korbach"]
[Date "2013.03.29"]
[Round "4.12"]
[White "Siebald, Joerg"]
[Black "Engel, Markus"]
[Result "1/2-1/2"]
[WhiteElo "1579"]
[BlackElo "1415"]
[PlyCount "127"]
[EventDate "2013.??.??"]
[WhiteTeam "SC Rochade Emsdetten"]
[BlackTeam "Kasseler SK 1876"]

1. d4 Nf6 2. c4 g6 3. Nc3 Bg7 4. e4 d6 5. Nf3 Nbd7 6. Be2 O-O 7. h3 e5 8. d5
Nc5 9. Qc2 b6 10. b4 Nb7 11. Bb2 Bd7 12. O-O a5 13. a3 Nh5 14. Bd3 Nf4 15. Ne2
Nxd3 16. Qxd3 f5 17. Ng3 f4 18. Ne2 Qe7 19. Nc1 Nd8 20. Nb3 a4 21. Nc1 Nf7 22.
Qc2 Ng5 23. Qe2 Nf7 24. Nd3 Ng5 25. Rfc1 Nxf3+ 26. Qxf3 c6 27. dxc6 Bxc6 28. b5
Bb7 29. Nb4 Rfc8 30. Nd5 Bxd5 31. cxd5 Rc5 32. Rxc5 dxc5 33. Qd3 Qd6 34. Rc1
Qd7 35. Bc3 Qd6 36. Qb1 Bh6 37. Bd2 Bf8 38. Rc4 Qd7 39. Qb2 Bd6 40. Bc3 Qc7 41.
Qc2 Qa7 42. Qd1 Kf7 43. g3 fxg3 44. fxg3 Kg7 45. Kg2 Kg8 46. Bd2 Kg7 47. h4 h6
48. Be3 Kh7 49. h5 g5 50. Qg4 Qf7 51. Rc2 Rf8 52. Rf2 Qe8 53. Rxf8 Bxf8 54.
Qf5+ Kg7 55. Kh3 Qxh5+ 56. Kg2 Qe2+ 57. Bf2 Qxb5 58. Qxe5+ Kg8 59. Qe6+ Kg7 60.
d6 Qc6 61. Qe5+ Kf7 62. Qf5+ Ke8 63. Qe6+ Kd8 64. Qf6+ 1/2-1/2

[Event "HEM 2013 B Turnier"]
[Site "Korbach"]
[Date "2013.03.29"]
[Round "4.13"]
[White "Heidenreich, Gundolf"]
[Black "Braeutigam, Walter"]
[Result "0-1"]
[WhiteElo "1429"]
[BlackElo "1770"]
[PlyCount "96"]
[EventDate "2013.??.??"]
[WhiteTeam "SK 1950 Vellmar"]
[BlackTeam "SpVg. Möhnesee von 1921 e.V."]

1. d4 Nf6 2. c4 g6 3. Nc3 d5 4. cxd5 Nxd5 5. e4 Nxc3 6. bxc3 Bg7 7. Nf3 c5 8.
Bb2 cxd4 9. cxd4 Bg4 10. Be2 Qa5+ 11. Qd2 Qxd2+ 12. Nxd2 Bxe2 13. Kxe2 Nc6 14.
Nb3 O-O 15. Rhd1 Rfd8 16. f4 Rac8 17. Rac1 e6 18. g4 b6 19. Rd2 Ne7 20. Rdc2
Rxc2+ 21. Rxc2 Rc8 22. Rxc8+ Nxc8 23. Kd3 Kf8 24. Ba3+ Ke8 25. Kc4 a6 26. g5
Kd7 27. e5 Kc6 28. Nd2 Na7 29. Ne4 h6 30. h4 h5 31. Be7 Nc8 32. Bb4 a5 33. Bd6
b5+ 34. Kd3 Nb6 35. Nc3 b4 36. Ne2 Kb5 37. Bc5 Nd5 38. Ke4 Ka4 39. Kd3 Ka3 40.
Kc4 Kxa2 41. Nc1+ Kb2 42. Nd3+ Kc2 43. Ne1+ Kd2 44. Ng2 Ke2 45. Kb5 b3 46. Ba3
Bf8 47. Ka4 Bxa3 48. Kxa3 a4 0-1

[Event "HEM 2013 B Turnier"]
[Site "Korbach"]
[Date "2013.03.29"]
[Round "4.14"]
[White "Friedrich, Helmut"]
[Black "Dresen, Dietmar"]
[Result "1-0"]
[WhiteElo "1696"]
[BlackElo "1660"]
[PlyCount "93"]
[EventDate "2013.??.??"]
[WhiteTeam "SC Schachmatt Weiterstadt"]
[BlackTeam "Bedburger SV 1947 e.V."]

1. e4 d5 2. exd5 Nf6 3. Bc4 Nxd5 4. Qf3 e6 5. Ne2 Nc6 6. Bb3 Nf6 7. Nbc3 Be7 8.
d3 O-O 9. O-O Ne5 10. Qh3 Ng6 11. Qf3 e5 12. h3 Nh4 13. Qg3 Ng6 14. Qf3 Nh4 15.
Qe3 Bd6 16. Ng3 Qd7 17. Nge4 Qf5 18. Nxf6+ gxf6 19. Qg3+ Ng6 20. Ne4 Kh8 21.
Bh6 Re8 22. Bxf7 Re7 23. Bxg6 Qxg6 24. Qxg6 hxg6 25. Nxf6 Rf7 26. Ne4 Be7 27.
Rae1 Rh7 28. Bd2 Bd6 29. Bc3 Bf5 30. f4 Bxe4 31. Rxe4 Bc5+ 32. Kh2 Rf8 33.
Bxe5+ Kg8 34. Rc4 Bb6 35. g3 c6 36. Re4 Bd8 37. Rfe1 Kf7 38. Bd6 Rfh8 39. h4
Bxh4 40. gxh4 Rxh4+ 41. Kg3 Rh3+ 42. Kf2 Rh2+ 43. Ke3 R2h3+ 44. Kd2 Rh2+ 45.
Kc3 Rf2 46. Re7+ Kg8 47. Re8+ 1-0

[Event "HEM 2013 B Turnier"]
[Site "Korbach"]
[Date "2013.03.29"]
[Round "4.15"]
[White "Johnen, Franz"]
[Black "Bickmann, Uwe"]
[Result "1/2-1/2"]
[WhiteElo "1764"]
[BlackElo "1782"]
[PlyCount "71"]
[EventDate "2013.??.??"]
[WhiteTeam "SVigung 1928 Alsdorf e"]
[BlackTeam "SC Marsberg e.V."]

1. d4 Nf6 2. c4 c5 3. e3 b6 4. Nf3 Bb7 5. Nc3 g6 6. Be2 Bg7 7. O-O O-O 8. Nd2
e6 9. Bf3 Bxf3 10. Qxf3 d5 11. dxc5 bxc5 12. Nb3 Na6 13. cxd5 c4 14. dxe6 cxb3
15. exf7+ Rxf7 16. Rd1 Qf8 17. Rd2 Nc5 18. Qd1 Nce4 19. Re2 Nxc3 20. bxc3 Ne4
21. Qxb3 Rb8 22. Qc4 Nxc3 23. Rb2 Rc8 24. Qf1 Ne4 25. f3 Bxb2 26. Bxb2 Qb4 27.
Bd4 Qf8 28. Qe2 Nc3 29. Qb2 Nd5 30. Rd1 Rb8 31. Qd2 Qb4 32. Qd3 Qb5 33. Qe4 Nf6
34. Qe6 Kg7 35. Bxf6+ Rxf6 36. Rd7+ 1/2-1/2

[Event "HEM 2013 B Turnier"]
[Site "Korbach"]
[Date "2013.03.29"]
[Round "4.17"]
[White "Buettner, Rudi"]
[Black "Rubruck, Eberhard"]
[Result "0-1"]
[WhiteElo "1462"]
[BlackElo "1835"]
[PlyCount "51"]
[EventDate "2013.??.??"]
[WhiteTeam "SK Bad Sooden-Allendorf"]
[BlackTeam "SK Bad Sooden-Allendorf"]

1. d4 Nf6 2. Nf3 d5 3. e3 Bf5 4. c4 c6 5. Nc3 e6 6. cxd5 exd5 7. g3 Bd6 8. Bg2
Nbd7 9. O-O h6 10. Nd2 O-O 11. e4 dxe4 12. Ndxe4 Nxe4 13. Nxe4 Nf6 14. Nxd6
Qxd6 15. Bf4 Qd7 16. Qd2 Nd5 17. Rad1 Rfe8 18. Rfe1 Rxe1+ 19. Rxe1 Re8 20.
Rxe8+ Qxe8 21. Bxd5 cxd5 22. Be3 Qe4 23. Qe2 Qb1+ 24. Kg2 Bd3 25. Qg4 Qf1+ 26.
Kf3 0-1

[Event "HEM 2013 B Turnier"]
[Site "Korbach"]
[Date "2013.03.29"]
[Round "4.18"]
[White "Shkolnyk, Boris"]
[Black "Unruh, Hartmut"]
[Result "1-0"]
[WhiteElo "1892"]
[BlackElo "1670"]
[PlyCount "53"]
[EventDate "2013.??.??"]
[WhiteTeam "Sfr. Korbach"]
[BlackTeam "Sfr. Korbach"]

1. d4 d6 2. Nf3 g6 3. e4 Bg7 4. Nc3 Nf6 5. h3 a6 6. Bc4 O-O 7. Be3 Nbd7 8. Ng5
e5 9. Qd2 h5 10. O-O-O Nb6 11. Bb3 Qe7 12. f3 Bh6 13. h4 Bd7 14. Qe2 Nh7 15.
Qd2 a5 16. a3 a4 17. Ba2 Nxg5 18. Bxg5 Bxg5 19. hxg5 Kg7 20. Rdf1 f5 21. dxe5
Qxe5 22. f4 Qe8 23. Re1 Qc8 24. e5 dxe5 25. Rxe5 Re8 26. Qd4 Rxe5 27. Qxe5+ 1-0

[Event "HEM 2013 B Turnier"]
[Site "Korbach"]
[Date "2013.03.29"]
[Round "4.19"]
[White "Krug, Franz-Dieter"]
[Black "Reichel, Rolf"]
[Result "0-1"]
[WhiteElo "1571"]
[BlackElo "1776"]
[PlyCount "70"]
[EventDate "2013.??.??"]
[WhiteTeam "SVigung 1928 Alsdorf e"]
[BlackTeam "Sfr. Frankfurt 1921"]

1. d4 d5 2. c4 c6 3. Nc3 Nf6 4. cxd5 cxd5 5. h3 Bf5 6. Nf3 e6 7. Nh4 Bg6 8. e3
Be7 9. Bb5+ Nfd7 10. Nxg6 hxg6 11. Bd2 a6 12. Bd3 Nc6 13. a3 f5 14. g4 Nf6 15.
g5 Ne4 16. f4 Qc7 17. Nxe4 dxe4 18. Bf1 Bxg5 19. Qb3 Bh4+ 20. Ke2 Qd7 21. Rg1
Kf7 22. Rc1 Rac8 23. Qb6 Ne7 24. Bg2 Nd5 25. Qb3 Rxc1 26. Rxc1 Rc8 27. Kd1
Rxc1+ 28. Kxc1 g5 29. fxg5 Bxg5 30. Qc4 Qc6 31. b3 Bxe3 32. Qxc6 Bxd2+ 33. Kxd2
bxc6 34. Bf1 a5 35. Ba6 Ke7 0-1

[Event "HEM 2013 B Turnier"]
[Site "Korbach"]
[Date "2013.03.29"]
[Round "4.20"]
[White "Kronenburg, Bernd"]
[Black "Becker, Robin"]
[Result "1/2-1/2"]
[WhiteElo "1786"]
[BlackElo "1454"]
[PlyCount "112"]
[EventDate "2013.??.??"]
[WhiteTeam "SV 1929 Raunheim"]
[BlackTeam "SV Meschede e.V."]

1. c4 e6 2. g3 Nf6 3. Bg2 d5 4. cxd5 exd5 5. Nf3 Be7 6. O-O O-O 7. b3 Bf5 8.
Bb2 c6 9. d3 h6 10. Nbd2 Nbd7 11. Nd4 Bh7 12. h3 Re8 13. a3 Nc5 14. b4 Ne6 15.
Nxe6 fxe6 16. Qc2 Rc8 17. Rfd1 a5 18. Qb3 axb4 19. axb4 Qb6 20. Bxf6 Bxf6 21.
e4 Qb5 22. Kh2 Kh8 23. f4 Be7 24. Rab1 Ra8 25. Rb2 Ra4 26. Rdb1 Rxb4 27. Qc3
Rxb2 28. Rxb2 Qa6 29. Qb3 b5 30. Qc2 b4 31. Nf3 Qb6 32. Ne5 Bf6 33. Nd7 Qb5 34.
Nxf6 gxf6 35. Qd2 Bg8 36. f5 Kg7 37. Rxb4 Qa6 38. Qf4 exf5 39. Qc7+ Bf7 40. Rb7
Rf8 41. exd5 cxd5 42. d4 Qd3 43. Qf4 Kg6 44. g4 Rg8 45. h4 Rg7 46. h5+ Kh7 47.
Qxf5+ Qxf5 48. gxf5 Bxh5 49. Rxg7+ Kxg7 50. Bxd5 Bg4 51. Be6 Kf8 52. Kg3 h5 53.
Kf4 Ke7 54. Bd5 Kd6 55. Be4 Bd1 56. Kg3 Bg4 1/2-1/2

[Event "HEM 2013 B Turnier"]
[Site "Korbach"]
[Date "2013.03.29"]
[Round "4.21"]
[White "Lorch, Alexander"]
[Black "Ullmann, Ralf"]
[Result "1/2-1/2"]
[WhiteElo "1365"]
[BlackElo "1606"]
[PlyCount "67"]
[EventDate "2013.??.??"]
[WhiteTeam "SC Eschwege"]
[BlackTeam "SC Eschwege"]

1. d4 b6 2. c4 e6 3. Nf3 Bb7 4. a3 f5 5. Nc3 Nf6 6. e3 Be7 7. Be2 O-O 8. O-O h6
9. Ne5 Qe8 10. Bf3 c6 11. Nb5 Na6 12. Bd2 d6 13. Nd3 Qd7 14. Nc3 Rad8 15. Nf4
g5 16. Ng6 Rf7 17. h3 Rg7 18. Bh5 Nxh5 19. Qxh5 Qe8 20. Nxe7+ Qxe7 21. Qe2 Nb8
22. b4 Nd7 23. e4 f4 24. Rae1 e5 25. d5 c5 26. b5 Nf6 27. g4 Bc8 28. f3 Rh7 29.
Rf2 Kg7 30. Rh2 Rdh8 31. Rf1 Kf8 32. a4 h5 33. Rff2 Rh6 34. a5 1/2-1/2

[Event "HEM 2013 B Turnier"]
[Site "Korbach"]
[Date "2013.03.29"]
[Round "4.23"]
[White "Renk, Cornelius"]
[Black "Kalkuhl, Thorsten"]
[Result "1-0"]
[WhiteElo "1837"]
[BlackElo "1209"]
[PlyCount "25"]
[EventDate "2013.??.??"]
[WhiteTeam "SC Marsberg e.V."]
[BlackTeam "SC Marsberg e.V."]

1. d4 d5 2. c4 c6 3. Nf3 Nf6 4. Qc2 e6 5. e3 b6 6. cxd5 exd5 7. Bd3 g6 8. b3
Bg7 9. Ba3 Ne4 10. Bxe4 dxe4 11. Qxe4+ Be6 12. Nbd2 f5 13. Qxe6+ 1-0

[Event "HEM 2013 B Turnier"]
[Site "Korbach"]
[Date "2013.03.29"]
[Round "4.24"]
[White "Kienel, Michael"]
[Black "Fehling, Janek"]
[Result "1-0"]
[WhiteElo "1497"]
[BlackElo "995"]
[PlyCount "59"]
[EventDate "2013.??.??"]
[WhiteTeam "Peiner SV"]
[BlackTeam "SK Turm Bad Hersfeld"]

1. e4 e5 2. Nf3 Nc6 3. Bb5 a6 4. Ba4 b5 5. Bb3 Nf6 6. d3 h6 7. O-O Bc5 8. c3 d6
9. h3 O-O 10. d4 Bb6 11. Re1 Bb7 12. Bc2 Re8 13. Be3 Ba7 14. Nbd2 d5 15. Nxe5
Nxe5 16. dxe5 Rxe5 17. Bxa7 Rxa7 18. Nf3 Re8 19. e5 Nd7 20. Qd3 g6 21. e6 Rxe6
22. Rxe6 Nc5 23. Qd4 fxe6 24. Qxc5 Ra8 25. Bxg6 c6 26. Qe3 Qf8 27. Qxe6+ Kg7
28. Bh5 Kh7 29. Qg6+ Kh8 30. Ne5 1-0

[Event "HEM 2013 B Turnier"]
[Site "Korbach"]
[Date "2013.03.29"]
[Round "4.25"]
[White "Hoepfner, Michael"]
[Black "Huelsmann, Florian"]
[Result "1-0"]
[WhiteElo "1300"]
[BlackElo "944"]
[PlyCount "40"]
[EventDate "2013.??.??"]
[WhiteTeam "Kasseler SK 1876"]
[BlackTeam "Sfr. Korbach"]

1. f4 d5 2. Nf3 Nc6 3. e3 d4 4. exd4 Nxd4 5. Nxd4 Qxd4 6. Qf3 e5 7. c3 Qa4 8.
fxe5 Qc2 9. Na3 Qf5 10. Qe3 Nh6 11. h3 a6 12. d4 b6 13. Bd3 Qe6 14. O-O c5 15.
Bc4 Qg6 16. Qf3 Qf5 17. Qxa8 Qd7 18. Bxh6 gxh6 19. Rxf7 Qd8 20. e6 cxd4 1-0

[Event "HEM 2013 B Turnier"]
[Site "Korbach"]
[Date "2013.03.29"]
[Round "4.26"]
[White "Benedikt, Alexander"]
[Black "Pabst, Olaf"]
[Result "1-0"]
[WhiteElo "1775"]
[BlackElo "1681"]
[PlyCount "59"]
[EventDate "2013.??.??"]
[WhiteTeam "Sfr. Bad Emstal 1993"]
[BlackTeam "Sfr. Korbach"]

1. e4 g6 2. Nf3 Bg7 3. d4 d6 4. Bd3 a6 5. Nc3 Nd7 6. O-O e6 7. Re1 Ne7 8. Be3
O-O 9. Qd2 Re8 10. Bg5 f6 11. Bh4 g5 12. Bg3 Ng6 13. h3 Ndf8 14. e5 d5 15. Re2
Nf4 16. Bxf4 gxf4 17. Qxf4 f5 18. g4 Ng6 19. Qg3 f4 20. Qg2 Rf8 21. g5 Rf7 22.
h4 Bh8 23. h5 Nf8 24. Qg4 Qe7 25. a3 Rb8 26. Ree1 b5 27. Ne2 c6 28. Nxf4 Bg7
29. Kh2 Bh8 30. Rg1 1-0

[Event "HEM 2013 B Turnier"]
[Site "Korbach"]
[Date "2013.03.29"]
[Round "4.27"]
[White "Weber, Stefan"]
[Black "Seemke, Erwin"]
[Result "0-1"]
[WhiteElo "1512"]
[BlackElo "1162"]
[PlyCount "46"]
[EventDate "2013.??.??"]
[WhiteTeam "Sfr. Korbach"]
[BlackTeam "Sfr. Korbach"]

1. e4 c6 2. f4 d5 3. e5 f6 4. d4 Bf5 5. Bd3 Qd7 6. Bxf5 Qxf5 7. Nc3 e6 8. Nf3
Qg6 9. Nh4 Qf7 10. O-O Be7 11. f5 fxe5 12. fxe6 Qxe6 13. Qh5+ g6 14. Nxg6 Qxg6
15. Qxe5 Nf6 16. Bg5 Nbd7 17. Qe3 O-O-O 18. Bh4 Rde8 19. Bg3 Bd6 20. Qf3 Bxg3
21. hxg3 Rhf8 22. Ne2 Nh5 23. Qb3 Rxf1+ 0-1

[Event "HEM 2013 B Turnier"]
[Site "Korbach"]
[Date "2013.03.29"]
[Round "4.28"]
[White "Barchfeld, Peter"]
[Black "Grasmik, Waldemar"]
[Result "0-1"]
[WhiteElo "1175"]
[BlackElo "1599"]
[PlyCount "140"]
[EventDate "2013.??.??"]
[WhiteTeam "SAbt TG Wehlheiden"]
[BlackTeam "TSV 1876 Bad Kissingen"]

1. e4 d5 2. exd5 c6 3. dxc6 Nxc6 4. Nf3 a6 5. Bc4 Bf5 6. d3 e6 7. a3 g6 8. Be3
h5 9. Nc3 Bg4 10. h3 Bxf3 11. Qxf3 Nf6 12. Bg5 Be7 13. h4 Nd4 14. Qd1 Qc7 15.
Ne2 Nf5 16. Qd2 b5 17. Bb3 Ng4 18. Bxe7 Qxe7 19. g3 Qb7 20. Rg1 Nh2 21. O-O-O
Nf3 22. Qc3 O-O 23. Rh1 Rfc8 24. Qb4 a5 25. Qe4 Qxe4 26. dxe4 Ne7 27. Nd4 Nxd4
28. Rxd4 a4 29. Ba2 Nc6 30. Rd7 b4 31. Bb1 b3 32. Rhd1 Ne5 33. Rb7 Rc5 34. c3
Ng4 35. f3 Ne3 36. Rdd7 Rf8 37. Ra7 Nf1 38. g4 hxg4 39. fxg4 Ne3 40. h5 gxh5
41. gxh5 Rxh5 42. Bd3 Rh2 43. Bb5 Kh8 44. Re7 Rg8 45. Re8 Rc2+ 46. Kb1 Rd2 47.
Rxg8+ Kxg8 48. Rd7 Rg2 49. Kc1 Kg7 50. Bxa4 Rg1+ 51. Kd2 Nc4+ 52. Ke2 Rg2+ 53.
Kf1 Rxb2 54. Rb7 Kf6 55. Ke1 Nxa3 56. Rxb3 Rxb3 57. Bxb3 Nb5 58. Kd2 Ke5 59. c4
Nd6 60. Kc3 Nxe4+ 61. Kb2 Kd4 62. c5 Nxc5 63. Ba2 f5 64. Bc4 e5 65. Bf7 f4 66.
Bh5 e4 67. Kb1 f3 68. Kc2 Ke3 69. Kd1 Nd3 70. Bg4 Nf2+ 0-1

[Event "HEM 2013 B Turnier"]
[Site "Korbach"]
[Date "2013.03.29"]
[Round "4.29"]
[White "Wolff, Beate"]
[Black "Risius, Joerg"]
[Result "1/2-1/2"]
[WhiteElo "905"]
[BlackElo "1309"]
[PlyCount "46"]
[EventDate "2013.??.??"]
[WhiteTeam "VSG 1880 Offenbach"]
[BlackTeam "SK 1858 Gießen"]

1. c4 Nf6 2. g3 e6 3. Bg2 d5 4. Nf3 Be7 5. O-O O-O 6. d3 c5 7. Bf4 Nc6 8. Nc3
b6 9. e4 dxe4 10. dxe4 Nh5 11. Qxd8 Rxd8 12. Bg5 Bxg5 13. Nxg5 h6 14. e5 Bb7
15. Nge4 Rab8 16. Rad1 Nd4 17. Rd3 f5 18. Nd6 Bxg2 19. Kxg2 a6 20. b3 f4 21. f3
g5 22. g4 Ng7 23. Rf2 Ne8 1/2-1/2

[Event "HEM 2013 B Turnier"]
[Site "Korbach"]
[Date "2013.03.29"]
[Round "4.30"]
[White "Mohammadi, Sholeh"]
[Black "Naujocks, Christian"]
[Result "0-1"]
[WhiteElo "1055"]
[BlackElo "1639"]
[PlyCount "102"]
[EventDate "2013.??.??"]
[WhiteTeam "SK Marburg 1931/72"]
[BlackTeam "Sfr. Korbach"]

1. e4 c5 2. d4 cxd4 3. Qxd4 Nc6 4. Qe3 g6 5. Nf3 Bg7 6. Nc3 e6 7. Bd2 Nge7 8.
Rd1 O-O 9. Be2 d5 10. Qd3 Nb4 11. Qb5 Nxc2+ 12. Kf1 Nd4 13. Nxd4 Bxd4 14. Bf3
a6 15. Qb4 Nc6 16. Qb3 Ne5 17. Bh6 Nxf3 18. Bxf8 Qh4 19. Rxd4 Nxd4 20. Qb4 Nc6
21. Qd6 d4 22. g3 Qg4 23. h3 Qf3 24. Kg1 dxc3 25. bxc3 Qxc3 26. Bh6 Qe1+ 27.
Kg2 Qxe4+ 28. Kh2 Bd7 29. Qxd7 Ne5 30. Qd1 Nf3+ 31. Qxf3 Qxf3 32. Rf1 Rd8 33.
Kg1 Rd5 34. Rc1 Rd1+ 35. Rxd1 Qxd1+ 36. Kg2 Qd5+ 37. f3 Qxa2+ 38. Kf1 Qh2 39.
h4 a5 40. Bf4 a4 41. Ke1 a3 42. Be5 a2 43. Kd1 b5 44. Kc1 b4 45. f4 Qg1+ 46.
Kc2 Qb1+ 47. Kd2 b3 48. Ke3 b2 49. Kf3 Qd1+ 50. Ke4 b1=Q+ 51. Ke3 Qbd3+ 0-1

[Event "HEM 2013 B Turnier"]
[Site "Korbach"]
[Date "2013.03.29"]
[Round "4.31"]
[White "Hildebrand, Georg"]
[Black "Bekkink, Joey"]
[Result "1-0"]
[WhiteElo "1225"]
[BlackElo "1496"]
[PlyCount "57"]
[EventDate "2013.??.??"]
[WhiteTeam "SK Marburg 1931/72"]
[BlackTeam "Caissa Eenhoorn"]

1. c4 Nf6 2. Nc3 g6 3. d4 Bg7 4. Nf3 d6 5. h3 Nbd7 6. e3 O-O 7. Bd3 e5 8. d5 a5
9. Qc2 Nc5 10. g4 Re8 11. e4 Rf8 12. Be3 Nxd3+ 13. Qxd3 Bd7 14. O-O-O Qe7 15.
Nd2 Rfb8 16. a4 Qe8 17. b3 Qe7 18. Rhf1 Bf8 19. f4 exf4 20. Bxf4 Ne8 21. Rf3 c5
22. Rdf1 Nc7 23. Qe3 Be8 24. e5 Qd7 25. e6 fxe6 26. Bh6 Bxh6 27. Qxh6 Bf7 28.
Nde4 Ne8 29. Ng5 1-0